| Tag |
First Indicator |
Second Indicator |
Subfields |
| LEADER |
00000cam a2200000 i 4500 |
| 001 |
in00001997372 |
| 005 |
20151031121741.0 |
| 008 |
790914s1978 ru b 001 0 ruso |
| 010 |
|
|
|a 79379552
|
| 015 |
|
|
|a USSR79
|
| 020 |
|
|
|c 3.20rub
|
| 035 |
|
|
|a (OCoLC)ocm05532376
|
| 040 |
|
|
|a DLC
|c DLC
|d OCLCQ
|d TXA
|d UtOrBLW
|
| 043 |
|
|
|a a-cc---
|
| 049 |
|
|
|a TXAM
|
| 050 |
0 |
0 |
|a DS771
|b .K3
|
| 090 |
|
|
|a DS771
|b .K3 1978
|
| 100 |
1 |
|
|a Kali︠u︡zhnai︠a︡, N. M.
|q (Nina Mikhaĭlovna)
|
| 245 |
1 |
0 |
|a Vosstanie ikhėtuaneĭ, 1898-1901 /
|c N.M. Kali︠u︡zhnai︠a︡.
|
| 264 |
|
1 |
|a Moskva :
|b Nauka,
|c 1978.
|
| 300 |
|
|
|a 363 pages ;
|c 21 cm.
|
| 336 |
|
|
|a text
|b txt
|2 rdacontent
|
| 337 |
|
|
|a unmediated
|b n
|2 rdamedia
|
| 338 |
|
|
|a volume
|b nc
|2 rdacarrier
|
| 500 |
|
|
|a At head of title: Akademii︠a︡ nauk SSSR. Institut vostokovedenii︠a︡.
|
| 504 |
|
|
|a Includes bibliographical references (pages 335-[350]).
|
| 500 |
|
|
|a Includes indexes.
|
| 651 |
|
0 |
|a China
|x History
|y Boxer Rebellion, 1899-1901.
|
| 948 |
|
|
|a cataloged
|b h
|c 2004/10/11
|d c
|e spoltoratski
|f 10:24:44 am
|
| 994 |
|
|
|a E0
|b TXA
|
| 999 |
|
|
|a MARS
|
| 999 |
f |
f |
|s b4406997-390f-327e-bdf4-4c9748e22ee4
|i 1b10f9f9-0c93-313c-a993-1ffb0b2f4ea1
|t 0
|
| 952 |
f |
f |
|p ric
|a Texas A&M University
|b Rellis Campus
|c Joint Library Facility
|d Remote Storage
|t 0
|e DS771 .K3 1978
|h Library of Congress classification
|i unmediated -- volume
|m A14831380799
|
| 998 |
f |
f |
|a DS771 .K3 1978
|t 0
|l Remote Storage
|